Sovereign and subject
Spremljeno u:
| Glavni autor: | |
|---|---|
| Format: | Knjiga |
| Jezik: | Undetermined |
| Izdano: |
Kyoto,
Ponsonby Memorial Society,
1962
|
| Teme: | |
| Oznake: |
Dodaj oznaku
Bez oznaka, Budi prvi tko označuje ovaj zapis!
|
| Thư viện lưu trữ: | Trung tâm Học liệu Trường Đại học Cần Thơ |
|---|
| LEADER | 00556nam a2200193Ia 4500 | ||
|---|---|---|---|
| 001 | CTU_115004 | ||
| 008 | 210402s9999 xx 000 0 und d | ||
| 082 | |a 952 | ||
| 082 | |b P799 | ||
| 100 | |a Ponsonby-Fane, Richard Arthur Brabazon | ||
| 245 | 0 | |a Sovereign and subject | |
| 245 | 0 | |c Richard Arthur Brabazon Ponsonby-Fane | |
| 260 | |a Kyoto, | ||
| 260 | |b Ponsonby Memorial Society, | ||
| 260 | |c 1962 | ||
| 650 | |a Japan | ||
| 650 | |x History,Addresses, essays, lectures | ||
| 904 | |i Năm | ||
| 980 | |a Trung tâm Học liệu Trường Đại học Cần Thơ | ||